| 000 | 01043nam0a22003371 4500 | ||
|---|---|---|---|
| 001 | v19\rc\1655641 | ||
| 005 | 20250619004533.0 | ||
| 035 | _a(NLR Aleph) 004766061 | ||
| 090 |
_a4606143 _c4606143 |
||
| 100 | _a20061002d1889 |||y0rusy50 ca | ||
| 101 | 0 | _arus | |
| 102 | _aRU | ||
| 105 | _ab z ||||| | ||
| 200 | 1 | _aПоездка к водопаду Кивач | |
| 210 |
_aСанкт-Петербург _cтип. и лит. Комарова _d1889 |
||
| 215 |
_a[2], 43 с., 6 л. карт. _d22 |
||
| 300 | _aВ конце текста: В.С. | ||
| 300 | _aЗагл. обл.: Путеводитель на водопад Кивач | ||
| 512 | 0 | _aПутеводитель на водопад Кивач | |
| 701 | 0 | _aВ. С. | |
| 801 | 0 |
_aRU _bNLR _gpsbo |
|
| 801 | 0 |
_aRU _bRuMoRGB _2psbo |
|
| 801 | 1 |
_aRU _bProSoft-M _2rusmarc |
|
| 852 |
_aNLR _j18.198.2.146 |
||
| 899 | _aБАН | ||
| 899 | _aНБ СПбГУ | ||
| 899 | _aГПИБ | ||
| 899 |
_aRuMoRGB _jA 146/149 |
||
| 899 |
_aRuMoRGB _jA 192/641 |
||
| 942 | _cBOOK | ||
| 980 | _aNB | ||